000 00610nam a2200217 a 4500
001 000033169
003 OSt
005 20240307185845.0
007 ta
008 110818s19uu dr 000 0 spa d
040 _aDO-SdBNP
_bspa
_cBNPHU
041 _hspa
049 _aBNPD
082 7 4 _a861.42
_bD159h
100 1 _aDamirón, Rafael,
_d1882-1956
_927287
245 1 0 _aHuerto remoto /
_cRafael Damirón.
260 _aSantiago de los Caballeros, República Dominicana :
_bEl Diario,
_c[19--?].
300 _a90 p. ;
_c21 cm.
910 _aInventariado.Validado. Control de calidad MAA
942 _2ddc
_cLBS1
999 _c32660
_d32660